00430nam a2200097Ia 4500008004100000245014800041245005100189260000900240650003200249856005100281171204s9999 xx 000 0 und d aSecurity and Auditing of Smart Devices: Managing Proliferation of Confidential Data on Corporate and BYOD Devices (Internal Audit and IT Audit) cPhilip Chukwuma, Richard Cozart, and Sajay Rai c2016 xAUDITING IN CIS ENVIRONMENT uhttp://down.ebook777.com/048/9781498738835.pdf